000 00185 a2200097 4500
020 _a9684038569
041 _aspa
100 _aDamasco,pio
245 _aEncuentro con angeles
942 _cBK
999 _c2735
_d2735